| 000 | 00669 a2200193 4500 | ||
|---|---|---|---|
| 003 | NUST | ||
| 005 | 20230602130058.0 | ||
| 010 | _a9577491 | ||
| 020 | _a0071145427 | ||
| 040 | _cNust | ||
| 082 | _a005.43,LEA | ||
| 100 |
_aO'Leary, Timothy J. _932748 |
||
| 245 |
_aMicrosoft Excel 7.0a for Windows 95 / _cTimotty J. O'Leary, Linda l. O'leary |
||
| 250 | _ainternational edition | ||
| 260 |
_aSingapore _bMcGrawhill _c1996 |
||
| 300 | _a166p.; | ||
| 505 | _a Introduction To The Windows 95 Labs (Page-3), Windows 95 Overview WN 1 (Page-19), Windows 95 Basic Skills (Page-55), Disk Management (Page-201), Applications (Page-236). | ||
| 942 |
_2ddc _cBK _k005.43,LEA |
||
| 999 |
_c198696 _d198696 |
||